LEADER 00861nam0-2200277---450- 001 990009772880403321 005 20131011111658.0 035 $a000977288 035 $aFED01000977288 035 $a(Aleph)000977288FED01 035 $a000977288 100 $a20131011d1966----km-y0itay50------ba 101 0 $aita 102 $aIT 105 $a--------001yy 200 1 $aDizionario bibliografico delle riviste italiane con i sommari 1965$ein appendice: i volumi giuridici dell'anno$fVincenzo Napoletano 210 $aMilano$cGiuffré$d1966 215 $aXLII, 899 p.$d24 cm 700 1$aNapoletano,$bVincenzo$032143 801 0$aIT$bUNINA$gRICA$2UNIMARC 901 $aBK 912 $a990009772880403321 952 $aDPR X-4/5$b549$fDEC 959 $aDEC 996 $aDizionario bibliografico delle riviste italiane con i sommari 1965$9832296 997 $aUNINA LEADER 01542nam 2200409 n 450 001 996390216703316 005 20221108024551.0 035 $a(CKB)1000000000648159 035 $a(EEBO)2240899159 035 $a(UnM)99855294 035 $a(EXLCZ)991000000000648159 100 $a19920825d1584 uy | 101 0 $aeng 135 $aurbn||||a|bb| 200 04$aThe arte of rhetorike$b[electronic resource] $efor the vse of all suche as are studious of eloquence, sette foorthe in Englishe, by Thomas Wilson. 1553 205 $aAnd now newly set forth againe, with a prologue to the reader. 1567. 210 $aImprinted at London $cBy Ihon Kingston$d1584 215 $a[16], 225, [11] p 300 $aRunning title reads: The arte of rhetorique. 300 $aIncludes "An epistle to perswade a yong gentleman to mariage, deuised by Erasmus", D4v-E8v, a translation of "Matrimonii encomium" (not the same as that in STC 10492). 300 $aIncludes index. 300 $aReproduction of the original in the Henry E. Huntington Library and Art Gallery. 330 $aeebo-0113 606 $aRhetoric$vEarly works to 1800 606 $aOratory$vEarly works to 1800 615 0$aRhetoric 615 0$aOratory 700 $aWilson$b Thomas$f1525?-1581.$0309803 701 $aErasmus$b Desiderius$fd. 1536.$0799747 801 0$bCu-RivES 801 1$bCu-RivES 801 2$bCStRLIN 801 2$bWaOLN 906 $aBOOK 912 $a996390216703316 996 $aThe arte of rhetorike$92302494 997 $aUNISA